000 00836nam a22002297a 4500
999 _c17614
_d17614
003 BDDh-ASL
005 20231015025613.0
008 170613s2008 bg ||||| |||| 001 0 eng
020 _a9843000023751
037 _bAsiatic Society of Bangladesh
_cTk 400
040 _aBDDh-ASL
_cBDDh-ASL
082 _a327.5492
_bAHB
100 1 _aAhmed, Kamal Uddin
_9410
245 1 0 _aBangladesh and Its Neighbours /
_cKamal Uddin Ahmed
260 _aDhaka:
_bAsiatic Society of Bangladesh,
_c2008.
300 _aviii, 211 p.:
_c25 cm.
440 _aAsiatic Society of Bangladesh publication;
_vno. 101
_9312
500 _aIncludes index
505 _aBibliography: P. 197-205
650 _aRegitional Relations
_vBangladesh-India
_vBangladesh-Pakistan
_vBangladesh-Myanmar
_vBangladesh-Nepal
_vBangladesh-Bhutan
_zBangladesh
_9411
942 _2ddc
_cBK